[Event "Reykjavik Open"]
[Site "Reykjavik ISL"]
[Date "2012.03.08"]
[Round "3.28"]
[White "Thomassen, Joachim"]
[Black "Dougherty, Michael"]
[Result "1-0"]
[WhiteTitle "IM"]
[BlackTitle "FM"]
[WhiteElo "2400"]
[BlackElo "2195"]
[WhiteFideId "1504991"]
[BlackFideId "2601559"]
[EventDate "2012.03.06"]

1. e4 g6 2. d4 Bg7 3. Nc3 c6 4. Nf3 d6 5. a4 Nf6 6. h3 O-O 7. Bg5 d5 8. Bd3 dxe4
9. Nxe4 Bf5 10. Nxf6+ exf6 11. Be3 Bxd3 12. Qxd3 f5 13. O-O Nd7 14. Rfd1 Nf6 15.
c4 Ne4 16. a5 Qe7 17. Qa3 Qxa3 18. Rxa3 b5 19. axb6 axb6 20. Rb3 Ra4 21. Rc1 Rb8
22. Ne5 Bxe5 23. dxe5 f4 24. Rxb6 Rxb6 25. Bxb6 Rb4 26. Bd8 Rxb2 27. f3 Ng3 28.
Rd1 h6 29. h4 Kh7 30. Kh2 Re2 31. Rd7 g5 32. hxg5 hxg5 33. Bxg5 Nh5 34. Bxf4 Kg6
35. Bg3 1-0

[Event "Reykjavik Open"]
[Site "Reykjavik ISL"]
[Date "2012.03.08"]
[Round "3.30"]
[White "Sigurjonsson, Stefan Th."]
[Black "Kristiansen, Jens"]
[Result "0-1"]
[BlackTitle "IM"]
[WhiteElo "2117"]
[BlackElo "2432"]
[WhiteFideId "2301008"]
[BlackFideId "1400061"]
[EventDate "2012.03.06"]

1. e4 c5 2. d4 cxd4 3. c3 d3 4. Bxd3 Nc6 5. f4 d6 6. Nf3 g6 7. O-O Bg7 8. Be3
Nf6 9. Nbd2 Ng4 10. Qe1 O-O 11. Rd1 Nxe3 12. Qxe3 a6 13. Bc4 Qc7 14. Nb3 b5 15.
Bd5 e6 16. Bxc6 Qxc6 17. Rf2 Bb7 18. Na5 Qxe4 19. Qb6 Bd5 20. Ng5 Qf5 21. Qxd6
Rad8 22. Qb6 h6 23. Nh3 Bxg2 24. Rxd8 Bxh3 25. Rfd2 Qg4+ 26. Kh1 Qf3+ 0-1

[Event "Reykjavik Open"]
[Site "Reykjavik ISL"]
[Date "2012.03.08"]
[Round "3.31"]
[White "Andersson, Christin"]
[Black "Kjartansson, Dagur"]
[Result "0-1"]
[WhiteTitle "WIM"]
[WhiteElo "2102"]
[BlackElo "1528"]
[WhiteFideId "1702947"]
[BlackFideId "2303299"]
[EventDate "2012.03.06"]

1. e4 c5 2. Nf3 Nc6 3. d4 cxd4 4. Nxd4 Nf6 5. Nc3 e5 6. Nxc6 bxc6 7. Bc4 Bb4 8.
O-O O-O 9. Bg5 h6 10. Bh4 d6 11. Qd3 Qe7 12. Rad1 Rd8 13. a3 Ba5 14. b4 Bb6 15.
b5 Bb7 16. bxc6 Bxc6 17. Bd5 Bxd5 18. Nxd5 Qe6 19. Nxf6+ gxf6 20. Qf3 Kg7 21.
Rd3 Rg8 22. Qf5 Qxf5 23. exf5 Bc5 24. Rfd1 Rab8 25. Kf1 Rb2 26. R1d2 Ra2 27.
Rg3+ Kh7 28. Rxg8 Kxg8 29. Bxf6 Rxa3 30. Be7 Ra6 31. Rd3 f6 32. Bxf6 Kf7 33. Bh4
Ra2 34. Rc3 a5 35. Rb3 Bb4 36. c3 Bc5 37. Rb7+ Kf8 38. f6 a4 39. g4 a3 40. f7
Rb2 41. Rc7 a2 42. Be7+ Kxf7 43. Bxd6+ Ke6 44. Bxc5 a1=Q+ 45. Kg2 Qa8+ 46. Kg3
Qe4 47. Be3 Rb1 48. h3 Rg1+ 49. Kh4 Rh1 50. Kg3 h5 51. Rg7 h4+ 52. Kxh4 Qf3 53.
Rg6+ Kf7 54. Kg5 Rxh3 55. c4 Rh4 56. Kxh4 Kxg6 57. c5 Qg2 58. g5 Kf5 0-1

[Event "Reykjavik Open"]
[Site "Reykjavik ISL"]
[Date "2012.03.08"]
[Round "3.33"]
[White "Kiewra, Keaton F"]
[Black "Goodger, Martyn"]
[Result "1-0"]
[WhiteTitle "FM"]
[WhiteElo "2355"]
[BlackElo "2098"]
[WhiteFideId "2019280"]
[BlackFideId "408336"]
[EventDate "2012.03.06"]

1. e4 e5 2. Nf3 Nf6 3. Nxe5 d6 4. Nf3 Nxe4 5. Nc3 Nxc3 6. dxc3 Be7 7. Be3 O-O 8.
Qd2 Nc6 9. O-O-O Ne5 10. h4 c6 11. c4 Be6 12. Ng5 Bf5 13. Be2 Re8 14. f3 f6 15.
Nh3 Be6 16. Qc3 Qc7 17. g4 a6 18. Nf4 Bf7 19. h5 h6 20. Ng6 Nxg6 21. hxg6 Bxg6
22. f4 d5 23. cxd5 Bd6 24. dxc6 Rxe3 25. cxb7 Rae8 26. Qxc7 Bxc7 27. Bxa6 Bxf4
28. Kb1 Be4 29. Rhf1 Bf3 1-0

[Event "Reykjavik Open"]
[Site "Reykjavik ISL"]
[Date "2012.03.08"]
[Round "3.34"]
[White "Sigfusson, Sigurdur"]
[Black "Bjarnason, Saevar"]
[Result "1-0"]
[WhiteTitle "FM"]
[BlackTitle "IM"]
[WhiteElo "2346"]
[BlackElo "2092"]
[WhiteFideId "2300168"]
[BlackFideId "2300176"]
[EventDate "2012.03.06"]

1. e4 e6 2. d4 d5 3. Nc3 Bb4 4. e5 Ne7 5. a3 Bxc3+ 6. bxc3 c5 7. Qg4 Qc7 8. Qxg7
Rg8 9. Qxh7 cxd4 10. Ne2 Nbc6 11. f4 Bd7 12. Qd3 dxc3 13. Rb1 Nf5 14. h3 d4 15.
g4 Nh4 16. Qh7 Nf3+ 17. Kf2 O-O-O 18. Bg2 Rh8 19. Qd3 Nfxe5 20. fxe5 Nxe5 21.
Qg3 Bc6 22. Bxc6 Qxc6 23. Qxe5 f6 24. Qh2 d3 25. Qg2 Qa6 26. cxd3 Rxd3 27. Be3
Rhd8 28. Rhc1 R8d6 29. Rb3 e5 30. Rcxc3+ Rxc3 31. Rxc3+ Kb8 32. Qe4 1-0

[Event "Reykjavik Open"]
[Site "Reykjavik ISL"]
[Date "2012.03.08"]
[Round "3.35"]
[White "Myrstad, Odd Magnus"]
[Black "Gislason, Gudmundur"]
[Result "0-1"]
[WhiteElo "2091"]
[BlackElo "2346"]
[WhiteFideId "1504851"]
[BlackFideId "2300559"]
[EventDate "2012.03.06"]

1. e4 c5 2. Nf3 g6 3. d4 Bg7 4. dxc5 Qa5+ 5. c3 Qxc5 6. Be3 Qc7 7. Nbd2 Nc6 8.
Bc4 Nf6 9. O-O O-O 10. Re1 Ng4 11. Nf1 Rb8 12. Bc1 b5 13. Bb3 Na5 14. Bc2 e6 15.
a3 Nc4 16. Nd4 f5 17. exf5 gxf5 18. h3 Nf6 19. Qf3 Bb7 20. Qg3 Qxg3 21. Nxg3 a6
22. b3 Nb6 23. Bd2 Rbc8 24. Rac1 Rf7 25. Bd3 Bf8 26. Nc2 Bc5 27. Nb4 Rg7 28.
Bxf5 Rxg3 29. Nd3 Rxg2+ 30. Kh1 Bf3 31. Rxe6 Rxf2+ 0-1

[Event "Reykjavik Open"]
[Site "Reykjavik ISL"]
[Date "2012.03.08"]
[Round "3.37"]
[White "Ragnarsson, Johann"]
[Black "Mertens, Heiko"]
[Result "1/2-1/2"]
[WhiteElo "2082"]
[BlackElo "2336"]
[WhiteFideId "2301040"]
[BlackFideId "24601616"]
[EventDate "2012.03.06"]

1. d4 Nf6 2. c4 e6 3. Nc3 c5 4. d5 exd5 5. cxd5 d6 6. e4 g6 7. f3 Bg7 8. Bg5 h6
9. Be3 O-O 10. Qd2 Kh7 11. Bd3 Nbd7 12. Nge2 a6 13. a4 Ne5 14. Ng3 Nxd3+ 15.
Qxd3 Rb8 16. O-O Re8 17. h3 Nd7 18. f4 Qc7 19. e5 dxe5 20. f5 c4 21. Qc2 Nf6 22.
fxg6+ fxg6 23. a5 Bd7 24. Bb6 Qd6 25. Nce4 Nxe4 26. Nxe4 Qe7 27. Bc5 Qh4 28. Nd6
Rf8 29. Nxc4 Rxf1+ 30. Rxf1 Bf5 31. Qb3 Rc8 32. Qb4 Rd8 33. Bf2 Qe4 34. Qb6 Qxd5
35. Ne3 Qd7 36. Rd1 Bd3 37. Ng4 Rf8 38. Qe3 e4 39. Qxe4 Bxe4 40. Rxd7 Bc6 41.
Re7 Rd8 42. Be3 g5 43. Ne5 Bb5 44. h4 Re8 45. Rxe8 Bxe8 46. Nf3 Bxb2 47. hxg5 h5
48. Kf2 Bc3 49. Bb6 Kg6 50. Kg3 Kf5 51. Bd8 Ke6 52. Kf4 Bb2 53. Nh4 Bc1+ 54. Ke4
Bc6+ 55. Kd4 Bf4 56. Ng6 Bg3 57. Ke3 h4 58. Nf4+ Kf5 59. Ne2 Kg4 60. Nxg3 Kxg3
61. g6 Bd5 62. Kd4 Ba2 63. Kc5 Kxg2 64. Bxh4 Kh3 65. Bf2 Kg4 66. Kb6 Kf5 67.
Kxb7 Kxg6 68. Kxa6 Bc4+ 69. Kb6 Kf7 70. a6 Bxa6 1/2-1/2

[Event "Reykjavik Open"]
[Site "Reykjavik ISL"]
[Date "2012.03.08"]
[Round "3.39"]
[White "Larsen, Karsten"]
[Black "Edvardsen, Ragnar"]
[Result "1-0"]
[WhiteTitle "FM"]
[WhiteElo "2321"]
[BlackElo "2045"]
[WhiteFideId "1404288"]
[BlackFideId "1502719"]
[EventDate "2012.03.06"]

1. e4 c5 2. Nf3 Nc6 3. Bb5 g6 4. O-O Bg7 5. Bxc6 dxc6 6. d3 e5 7. a4 a5 8. Na3
Ne7 9. Nc4 Qc7 10. Nh4 b5 11. Na3 Ba6 12. Qe2 O-O 13. Nf3 f5 14. Bd2 b4 15. Nc4
Bxc4 16. dxc4 fxe4 17. Ng5 Qb6 18. Be3 Nf5 19. Ne6 Nxe3 20. Qxe3 Rf6 21. Qxc5
Qxc5 22. Nxc5 Rd6 23. Nb3 Bh6 24. Rae1 Rf8 25. g3 Rd4 26. Nxd4 exd4 27. Rxe4 Bg7
28. b3 Rf3 29. Rd1 Rc3 30. Re2 Kf7 31. Rd3 c5 32. Kf1 Bf6 33. Ke1 Bg7 34. Kd1
Bf6 35. Re4 g5 36. Rxc3 bxc3 37. Ke2 h5 38. h3 Bg7 39. Kd3 Bf6 40. Re1 Bg7 41.
Ke4 Ke6 42. f4 gxf4 43. Kxf4+ Kf6 44. Ke4 Ke6 45. Rf1 Be5 46. Rf5 1-0

[Event "Reykjavik Open"]
[Site "Reykjavik ISL"]
[Date "2012.03.08"]
[Round "3.40"]
[White "Shepherd, Michael"]
[Black "Lagerman, Robert"]
[Result "0-1"]
[BlackTitle "FM"]
[WhiteElo "2011"]
[BlackElo "2315"]
[WhiteFideId "2401444"]
[BlackFideId "2300362"]
[EventDate "2012.03.06"]

1. d4 Nf6 2. c4 c5 3. d5 b5 4. cxb5 a6 5. b6 d6 6. Nc3 Nbd7 7. e4 g6 8. a4 a5 9.
Nf3 Bg7 10. Bb5 O-O 11. O-O Ba6 12. h3 Nxb6 13. Qe2 Bxb5 14. axb5 Ne8 15. Rd1
Nc7 16. Bf4 Qd7 17. e5 Rfb8 18. exd6 exd6 19. Qd2 Nxb5 20. Nxb5 Nc4 21. Qc2 Qxb5
22. Nd2 Nxd2 23. Qxd2 Ra6 24. Ra2 a4 25. Bh6 Bxh6 26. Qxh6 Qb3 27. Rda1 Qxd5 28.
Qf4 Kg7 29. g4 Rb4 30. Qe3 Rb3 31. Qe2 Rxh3 0-1

[Event "Reykjavik Open"]
[Site "Reykjavik ISL"]
[Date "2012.03.08"]
[Round "3.41"]
[White "Rodriguez Fonseca, Jorge"]
[Black "Holm, Kristian Stuvik"]
[Result "0-1"]
[WhiteElo "2003"]
[BlackElo "2290"]
[WhiteFideId "2224658"]
[BlackFideId "1508083"]
[EventDate "2012.03.06"]

1. e4 g6 2. d3 Bg7 3. g3 d5 4. Nd2 Nf6 5. Bg2 e5 6. Ngf3 Nc6 7. O-O O-O 8. Re1
Re8 9. c3 h6 10. Qc2 Bg4 11. b4 a6 12. a4 Qd7 13. Nb3 b6 14. a5 Ra7 15. Nfd2 Rd8
16. Bf1 Bh3 17. Be2 Raa8 18. Nf1 d4 19. Bd2 Nxe4 20. dxe4 d3 21. Bxd3 Qxd3 22.
Qxd3 Rxd3 23. Re3 Rdd8 24. Be1 Be6 25. Nfd2 h5 26. Kg2 Bh6 27. Re2 Rd3 28. axb6
cxb6 29. b5 Nb8 30. c4 a5 31. Nc1 Rd8 32. c5 bxc5 33. Ndb3 Rd1 34. Bd2 c4 35.
Bxh6 cxb3 36. Nxb3 Bxb3 37. Rxd1 Bxd1 38. Rd2 Bb3 39. Rd8+ Kh7 40. Bc1 Ba4 41.
Bb2 f6 42. f4 Bxb5 43. fxe5 Bc6 44. exf6 Nd7 45. Rxa8 Bxe4+ 46. Kf2 Bxa8 47. Ke3
Kg8 48. Kf4 Kf7 49. Kg5 Nc5 50. g4 Ne4+ 51. Kh4 hxg4 52. Kxg4 Nxf6+ 53. Kg5 Nd7
54. Kf4 Bd5 55. h4 Bb3 56. Ke4 a4 57. Kd4 Ke6 58. Kc3 Kf5 0-1

[Event "Reykjavik Open"]
[Site "Reykjavik ISL"]
[Date "2012.03.08"]
[Round "3.42"]
[White "Palsson, Halldor"]
[Black "Lemeaux, David"]
[Result "1/2-1/2"]
[WhiteElo "2000"]
[BlackElo "2287"]
[WhiteFideId "2301202"]
[BlackFideId "613843"]
[EventDate "2012.03.06"]

1. d4 Nf6 2. c4 e6 3. Nf3 Bb4+ 4. Nbd2 d5 5. a3 Be7 6. e3 O-O 7. Bd3 c5 8. dxc5
Bxc5 9. b4 Be7 10. Bb2 Nbd7 11. Rc1 b6 12. e4 dxe4 13. Nxe4 Bb7 14. Qe2 a5 15.
Nxf6+ Bxf6 16. Bxf6 Qxf6 17. O-O Qe7 18. Rfd1 Rfd8 19. Be4 Bxe4 20. Qxe4 axb4
21. axb4 Nf6 22. Rxd8+ Rxd8 23. Qb1 Qc7 24. Qb2 h6 25. h3 Qf4 26. c5 Rc8 27. Qd2
Qe4 28. cxb6 Rb8 29. Qd6 Rb7 1/2-1/2

[Event "Reykjavik Open"]
[Site "Reykjavik ISL"]
[Date "2012.03.08"]
[Round "3.43"]
[White "Friedrichs, Klaus"]
[Black "Miettinen, Teemu"]
[Result "1-0"]
[WhiteElo "2283"]
[BlackElo "2012"]
[WhiteFideId "4654420"]
[BlackFideId "501050"]
[EventDate "2012.03.06"]

1. d4 c5 2. d5 Nf6 3. Nc3 e6 4. e4 exd5 5. Nxd5 Nxd5 6. Qxd5 Be7 7. Bf4 O-O 8.
O-O-O Nc6 9. Qd2 f5 10. e5 Nd4 11. Nf3 Ne6 12. Bc4 Qb6 13. Bg5 Bxg5 14. Nxg5 h6
15. Nxe6 dxe6 16. Qd6 Qxd6 17. Rxd6 Kf7 18. Rhd1 a6 19. a4 Rb8 20. a5 Re8 21. f4
Re7 22. h3 g6 23. g4 Rc7 24. gxf5 gxf5 25. b3 Ke7 26. Rg1 Kf7 27. Rgd1 Ke7 28.
Rg1 Kf7 29. Rd8 Ke7 30. Rdg8 Kd7 31. Rd1+ Kc6 32. Rd6# 1-0

[Event "Reykjavik Open"]
[Site "Reykjavik ISL"]
[Date "2012.03.08"]
[Round "3.44"]
[White "Henriksson, Johan"]
[Black "Kristinsson, Ogmundur"]
[Result "1-0"]
[WhiteTitle "FM"]
[WhiteElo "2279"]
[BlackElo "1997"]
[WhiteFideId "1703560"]
[BlackFideId "2304724"]
[EventDate "2012.03.06"]

1. d4 d5 2. Nf3 Nf6 3. c4 e6 4. g3 b6 5. Bg2 Bb7 6. O-O Be7 7. Nc3 dxc4 8. Qa4+
Nbd7 9. Ne5 Bxg2 10. Kxg2 Qc8 11. e4 a6 12. Qc6 O-O 13. Bg5 Re8 14. Nxc4 h6 15.
Bxf6 Bxf6 16. e5 Be7 17. Ne4 Ra7 18. Rac1 Nb8 19. Ncd6 Bxd6 20. Nxd6 Nxc6 21.
Nxc8 Rxc8 22. Rxc6 Kf8 23. Kf3 Rd8 24. Ke4 Ke7 25. Rfc1 Rd7 26. f4 h5 27. h3 g6
28. g4 hxg4 29. hxg4 Kd8 30. Rh1 Kc8 31. Rh8+ Kb7 32. Rc3 Ra8 33. Rxa8 Kxa8 34.
Rd3 c6 35. Rf3 Kb7 36. f5 gxf5+ 37. gxf5 c5 38. dxc5 bxc5 39. fxe6 fxe6 40. Rf6
Rd2 41. Rxe6 Rxb2 42. a4 Rb4+ 43. Kd5 Rxa4 44. Kxc5 Kc7 45. Re7+ Kd8 46. Ra7 Ra1
47. Kd6 Rd1+ 48. Ke6 Ra1 49. Rd7+ Ke8 50. Ra7 Kd8 51. Ra8+ Kc7 52. Ke7 a5 53. e6
a4 54. Kf7 Rf1+ 55. Ke8 Rf4 56. e7 Rh4 57. Kf7 1-0

[Event "Reykjavik Open"]
[Site "Reykjavik ISL"]
[Date "2012.03.08"]
[Round "3.45"]
[White "Doggers, Peter"]
[Black "Johansen, Stian"]
[Result "0-1"]
[WhiteElo "2265"]
[BlackElo "1961"]
[WhiteFideId "1005774"]
[BlackFideId "1508121"]
[EventDate "2012.03.06"]

1. e4 g6 2. d4 Bg7 3. Nf3 c5 4. d5 d6 5. Nc3 Bg4 6. Be2 Bxf3 7. Bxf3 Nd7 8. O-O
Qa5 9. Be2 Ngf6 10. Be3 O-O 11. f4 a6 12. a4 Qb4 13. Qd3 c4 14. Qxc4 Qxc4 15.
Bxc4 Ng4 16. Nd1 Rfc8 17. Bd3 Nxe3 18. Nxe3 Bxb2 19. Rab1 Bd4 20. Kf2 Nc5 21. a5
Bc3 22. Nc4 Nxe4+ 23. Ke3 Rxc4 24. Rxb7 Nc5 0-1

[Event "Reykjavik Open"]
[Site "Reykjavik ISL"]
[Date "2012.03.08"]
[Round "3.46"]
[White "Roberts, Lynda"]
[Black "Thompson, Ian D"]
[Result "0-1"]
[BlackTitle "FM"]
[WhiteElo "1960"]
[BlackElo "2255"]
[WhiteFideId "1800191"]
[BlackFideId "405205"]
[EventDate "2012.03.06"]

1. f4 d5 2. Nf3 Bg4 3. e3 Nd7 4. g3 e5 5. h3 Bxf3 6. Qxf3 c6 7. d3 Ngf6 8. Nc3
Qb6 9. Bg2 Bd6 10. O-O O-O 11. Kh1 d4 12. Ne4 Nxe4 13. dxe4 dxe3 14. Qxe3 Rad8
15. Qxb6 Nxb6 16. b3 Bc5 17. fxe5 Bd4 18. Ba3 Bxa1 19. Bxf8 Bxe5 20. Bb4 Bxg3
21. Bf3 Be5 22. Rd1 Rxd1+ 23. Bxd1 Nd7 24. Be7 f6 25. Bg4 Kf7 26. Bxd7 Kxe7 27.
Bc8 b6 28. Kg2 Kd6 29. Kf3 Kc5 30. Bb7 Kb4 31. Bxc6 Ka3 32. Ke3 a5 33. Kd3 Kxa2
34. Bb5 g5 35. Bd7 h5 36. Be6 Kb2 37. Bd7 Kc1 38. Be6 Kb2 39. Bd7 Bc3 40. Bf5
Be1 41. Be6 Ka3 42. Kc4 Bf2 43. Bd7 Be3 44. Kd3 Bf4 45. Kc4 g4 46. hxg4 h4 47.
e5 Bxe5 48. Bc6 h3 49. Be4 Kb2 50. Kd3 Bc3 51. Bc6 h2 52. Be4 b5 53. Ke2 a4 54.
bxa4 bxa4 55. Kf2 a3 0-1

[Event "Reykjavik Open"]
[Site "Reykjavik ISL"]
[Date "2012.03.08"]
[Round "3.47"]
[White "Karlsson, Bjorn-Ivar"]
[Black "Thorsteinsdottir, Hallgerdur"]
[Result "1/2-1/2"]
[WhiteElo "2250"]
[BlackElo "1959"]
[WhiteFideId "2301687"]
[BlackFideId "2302454"]
[EventDate "2012.03.06"]

1. e4 c6 2. Nf3 d5 3. Nc3 Bg4 4. h3 Bxf3 5. Qxf3 dxe4 6. Nxe4 e6 7. Bc4 Be7 8.
O-O Nd7 9. d4 Nb6 10. Bb3 Nf6 11. c3 Nbd5 12. Re1 Nxe4 13. Qxe4 O-O 14. Bc2 g6
15. Bh6 Re8 16. Rad1 Rc8 17. Bb3 Bg5 18. Bxg5 Qxg5 19. h4 Qe7 20. g3 h5 21. Re2
Red8 22. Rde1 Qc7 23. Qf3 Rd7 24. Re5 Kg7 25. Bc2 Ne7 26. Kg2 Rd5 27. R5e2 b6
28. Be4 Rd7 29. Rd2 c5 30. Red1 Rcd8 31. Qe3 cxd4 32. Rxd4 Rxd4 33. Rxd4 Nf5 34.
Bxf5 exf5 35. c4 Qc6+ 36. Kh2 Rxd4 37. Qxd4+ Qf6 38. Qd2 Qc6 39. b3 Qc7 40. Qd4+
Kg8 41. b4 Kf8 42. Kg2 Ke7 43. a3 Ke6 44. Qd5+ Kf6 45. f4 a5 46. Kf2 Ke7 47. Ke3
axb4 48. axb4 Qa7 49. Qe5+ Kd7 50. Qc3 Kc7 51. c5 b5 52. Qd3 Qb7 53. Kd2 Qc6 54.
Kc3 Qd7 55. Qe3 Qc6 56. Kb2 Qd7 57. Qe2 Qc6 58. Qe3 Qd7 59. Kc3 Qc6 60. Qd3 Qd7
61. Qe3 Qc6 62. Kb2 Qd7 63. Qb3 Qc6 64. Qe3 1/2-1/2

[Event "Reykjavik Open"]
[Site "Reykjavik ISL"]
[Date "2012.03.08"]
[Round "3.48"]
[White "Vaarala, Eric"]
[Black "Saemundsson, Bjarni"]
[Result "1-0"]
[WhiteElo "2241"]
[BlackElo "1947"]
[WhiteFideId "1711962"]
[BlackFideId "2302900"]
[EventDate "2012.03.06"]

1. c4 Nf6 2. Nc3 e6 3. Nf3 Bb4 4. Qb3 c5 5. a3 Ba5 6. Qb5 Bxc3 7. bxc3 b6 8. d3
Bb7 9. e4 O-O 10. Bg5 d6 11. Qb2 Nbd7 12. Be2 Qc7 13. O-O Rfe8 14. Qd2 d5 15.
cxd5 exd5 16. Bf4 Qc6 17. e5 Nh5 18. d4 Nxf4 19. Qxf4 f6 20. Bd3 fxe5 21. dxe5
d4 22. cxd4 cxd4 23. Rac1 Qh6 24. Bc4+ Kh8 25. Ng5 Nxe5 26. Qxe5 Rxe5 27. Nf7+
Kg8 28. Nxh6+ Kf8 29. Nf7 Rc5 30. Nd6 Bc6 31. Bd3 Rd8 32. Ne4 Bxe4 33. Bxe4 d3
34. Rfd1 d2 35. Ra1 Rdc8 36. Rxd2 Rc1+ 37. Rd1 Rxd1+ 38. Rxd1 Rc3 39. Ra1 g6 40.
f3 b5 41. Kf2 a5 42. Rb1 1-0

[Event "Reykjavik Open"]
[Site "Reykjavik ISL"]
[Date "2012.03.08"]
[Round "3.49"]
[White "Haarr, Jon Kristian"]
[Black "Sigurjonsson, Siguringi"]
[Result "1-0"]
[WhiteElo "2226"]
[BlackElo "1944"]
[WhiteFideId "1505963"]
[BlackFideId "2300397"]
[EventDate "2012.03.06"]

1. e4 e6 2. d4 d5 3. exd5 exd5 4. c3 Bd6 5. Nf3 Nc6 6. Bd3 Bg4 7. h3 Bh5 8. O-O
Nf6 9. Re1+ Be7 10. Bg5 O-O 11. Nbd2 h6 12. Bh4 Qd7 13. Qc2 Bxf3 14. Nxf3 Nh5
15. Ne5 Nxe5 16. Bf5 Qd8 17. Bxe7 Qxe7 18. Rxe5 Qh4 19. g3 Nxg3 20. fxg3 Qxg3+
21. Qg2 Qxg2+ 22. Kxg2 g6 23. Bd3 c6 24. Re7 Rfe8 25. Rxb7 Rab8 26. Rxb8 Rxb8
27. b4 Re8 28. Kf2 Re6 29. Re1 Rf6+ 30. Kg2 Kf8 31. a4 Rd6 32. Kg3 f5 33. h4 Kf7
34. h5 Kf6 35. hxg6 Kg5 36. Re5 1-0

[Event "Reykjavik Open"]
[Site "Reykjavik ISL"]
[Date "2012.03.08"]
[Round "3.50"]
[White "Zachariassen, John"]
[Black "Hobber, Anders"]
[Result "0-1"]
[WhiteElo "1939"]
[BlackElo "2224"]
[WhiteFideId "1405535"]
[BlackFideId "1505424"]
[EventDate "2012.03.06"]

1. c4 Nf6 2. Nf3 c6 3. g3 d5 4. Qc2 Bg4 5. Bg2 e6 6. O-O Nbd7 7. b3 Bd6 8. Bb2
O-O 9. d3 Qe7 10. Nbd2 e5 11. e3 h6 12. h3 Bf5 13. e4 Bh7 14. Rfe1 dxe4 15. dxe4
Ba3 16. Bc3 Rad8 17. Rab1 Bb4 18. Bb2 Nc5 19. Re2 Nd3 20. Ba1 Rd7 21. Nh4 Rfd8
22. Nf1 Bc5 23. Nf5 Qe6 24. N1e3 Bxf5 25. exf5 Qe7 26. Nd5 cxd5 27. Qxd3 e4 28.
Bxf6 exd3 29. Bxe7 dxe2 30. Bxd8 Bb4 0-1

[Event "Reykjavik Open"]
[Site "Reykjavik ISL"]
[Date "2012.03.08"]
[Round "3.51"]
[White "Gikas, Andreas Basilius"]
[Black "Hynna, Kevin"]
[Result "1-0"]
[WhiteElo "2219"]
[BlackElo "1936"]
[WhiteFideId "4623509"]
[BlackFideId "501484"]
[EventDate "2012.03.06"]

1. e4 c6 2. d4 d5 3. e5 Bf5 4. Nf3 e6 5. Be2 Nd7 6. O-O Qc7 7. Nh4 Bg6 8. Nd2
Be7 9. Nxg6 hxg6 10. Nf3 O-O-O 11. g3 f6 12. Qd3 Nf8 13. h4 Nh6 14. Bf4 Qd7 15.
Qd2 Nf7 16. b4 Nh7 17. b5 g5 18. bxc6 Qxc6 19. hxg5 Nhxg5 20. Bxg5 fxg5 21. Rab1
Rh6 22. Bb5 Qc7 23. Kg2 a6 24. Bd3 Rdh8 25. Rh1 Qd8 26. Qc3+ Qc7 27. Qd2 Qd8 28.
Nh2 Rh3 29. Qe2 Qa5 30. c4 dxc4 31. Bxc4 Nd8 32. Qe4 Kd7 33. d5 exd5 34. Bxd5 b5
35. Rbd1 Kc7 36. Rc1+ Kd7 37. Bb3 Qb6 38. Qf5+ Ke8 39. Rcd1 Qc6+ 40. Bd5 Qh6 41.
Ng4 Qh5 42. Nf6+ gxf6 43. Rxh3 Qxh3+ 44. Qxh3 Rxh3 45. Kxh3 fxe5 46. Kg4 Bc5 47.
f3 Ke7 48. Kf5 Bf2 49. g4 Bd4 50. Rh1 Kd6 51. Ke4 Kc5 52. Rh8 1-0

[Event "Reykjavik Open"]
[Site "Reykjavik ISL"]
[Date "2012.03.08"]
[Round "3.54"]
[White "Dunn, Andrew"]
[Black "Sjol, Henrik"]
[Result "1-0"]
[WhiteTitle "CM"]
[WhiteElo "2205"]
[BlackElo "1892"]
[WhiteFideId "401960"]
[BlackFideId "1505629"]
[EventDate "2012.03.06"]

1. d4 d5 2. Nf3 Nf6 3. c4 c6 4. e3 Bg4 5. Qb3 Qb6 6. Ne5 e6 7. c5 Qc7 8. Nc3
Nbd7 9. f4 Nxe5 10. fxe5 Nd7 11. Bd3 Be7 12. O-O f6 13. exf6 Bxf6 14. Qa4 e5 15.
dxe5 Nxe5 16. Nxd5 Qd8 17. Nxf6+ gxf6 18. Be4 Qe7 19. Bd2 Be2 20. Rf2 Bb5 21.
Qc2 Rd8 22. Ba5 Rd7 23. Rd1 Rxd1+ 24. Qxd1 Qxc5 25. Qd8+ Kf7 26. Qxf6+ Kg8 27.
Qg5+ 1-0

[Event "Reykjavik Open"]
[Site "Reykjavik ISL"]
[Date "2012.03.08"]
[Round "3.55"]
[White "Guisset, Philippe"]
[Black "Dave, Dhyani"]
[Result "0-1"]
[BlackTitle "WFM"]
[WhiteElo "1926"]
[BlackElo "2205"]
[WhiteFideId "206628"]
[BlackFideId "5019834"]
[EventDate "2012.03.06"]

1. c4 f5 2. e4 fxe4 3. d3 exd3 4. Bxd3 Nf6 5. g4 d5 6. g5 dxc4 7. Qa4+ Nc6 8.
Bxc4 Nd5 9. Be3 Qd6 10. Nd2 Nxe3 11. fxe3 Qe5 12. Ne2 Bd7 13. Ne4 Na5 14. Bf7+
Kd8 15. O-O-O c6 16. Nf4 Kc7 17. Rxd7+ Kxd7 18. Rd1+ Kc8 19. Ne6 b6 20. Rd8+ Kb7
21. Rd7+ Kb8 22. Qd1 Nb7 23. Nd8 Na5 24. Qc2 c5 25. Bd5 g6 26. Nf7 Qf5 27. Nxh8
Qxd7 28. Nc3 Nb7 29. Qg2 e6 30. Bc6 Qg7 31. Nb5 a6 32. Nc3 Ka7 33. Qf3 Rc8 0-1

[Event "Reykjavik Open"]
[Site "Reykjavik ISL"]
[Date "2012.03.08"]
[Round "3.57"]
[White "Helin, Mikael"]
[Black "Halldorsson, Bragi"]
[Result "0-1"]
[WhiteElo "1884"]
[BlackElo "2178"]
[WhiteFideId "1703838"]
[BlackFideId "2300907"]
[EventDate "2012.03.06"]

1. e4 c6 2. d4 d5 3. f3 dxe4 4. fxe4 Nf6 5. e5 Bg4 6. Qd3 Nd5 7. a3 e6 8. c4 Nc7
9. Be3 Nd7 10. Nd2 c5 11. Ngf3 cxd4 12. Bxd4 Bf5 13. Qe3 Na6 14. b4 Bxb4 15.
axb4 Nxb4 16. Kf2 Nc2 17. Qf4 Nxa1 18. Bxa1 a5 19. g4 Bg6 20. h4 h5 21. g5 Qb6+
22. Bd4 Qc6 23. c5 Nxc5 24. Nc4 Ne4+ 25. Kg2 O-O 26. Be2 a4 27. Rc1 Nc5 28. Nd6
b6 29. Bb5 Qd5 30. Qe3 a3 31. Bc4 Qc6 32. Bb5 Qc7 33. Nd2 a2 34. Ba1 Ra5 35. Be2
Rfa8 36. Bf3 Ra3 37. Qe2 Bd3 38. Qd1 R8a4 39. Bxh5 g6 40. Ne8 Qc6+ 41. Bf3 Qxe8
42. Bb2 a1=Q 43. Bxa1 Rxh4 44. Kg3 Rha4 45. Nf1 Bxf1 46. Qxf1 Qe7 47. Kf2 Qxg5
48. Qd1 Ra2+ 49. Ke1 Qg3+ 0-1

[Event "Reykjavik Open"]
[Site "Reykjavik ISL"]
[Date "2012.03.08"]
[Round "3.58"]
[White "Ornolfsson, Magnus P"]
[Black "Andersen, Daniel"]
[Result "1-0"]
[BlackTitle "FM"]
[WhiteElo "2175"]
[BlackElo "1879"]
[WhiteFideId "2301016"]
[BlackFideId "1402714"]
[EventDate "2012.03.06"]

1. Nf3 d6 2. e4 Nf6 3. Nc3 Bg4 4. Be2 e6 5. d4 c6 6. Bg5 Be7 7. Qd2 d5 8. exd5
cxd5 9. Bb5+ Nfd7 10. Bxe7 Qxe7 11. Ne5 Bf5 12. g4 Bg6 13. h4 f6 14. Nxg6 hxg6
15. O-O-O a6 16. Bd3 Qf8 17. Nxd5 1-0